A világirodalom oktatása középiskoláinkban

Elmentve itt :
Bibliográfiai részletek
Szerző: Dengi János
Dokumentumtípus: Cikk
Megjelent: 1912
Sorozat:Magyar pedagógia : a Magyar Tudományos Akadémia Pedagógiai Bizottságának folyóirata 21
Kulcsszavak:Világirodalom középiskola, Irodalomtanítás középiskola, Oktatásügy Magyarország 1912, Világirodalom tanítása
Online Access:http://misc.bibl.u-szeged.hu/8978
LEADER 00757nab a2200181 i 4500
001 misc8978
005 20191106143620.0
008 170607s1912 hu o 0|| hun d
022 |a 0025-0260 
040 |a SZTE Miscellanea Repozitórium  |b hun 
041 |a hun 
100 1 |a Dengi János 
245 1 2 |a A világirodalom oktatása középiskoláinkban  |h [elektronikus dokumentum] /  |c  Dengi János 
260 |c 1912 
300 |a 282-292 
490 0 |a Magyar pedagógia : a Magyar Tudományos Akadémia Pedagógiai Bizottságának folyóirata  |v 21 
695 |a Világirodalom középiskola, Irodalomtanítás középiskola, Oktatásügy Magyarország 1912, Világirodalom tanítása 
856 4 0 |u http://misc.bibl.u-szeged.hu/8978/1/mp_1912_1776_282-292.pdf  |z Dokumentum-elérés